Romans

Gespeichert in:
Bibliographische Detailangaben
1. Verfasser: Ramuz, Charles Ferdinand (VerfasserIn)
Format: Buch
Sprache:Französisch
Veröffentlicht: s.l Gallimard 2005
Ausgabe:1a. ed
Schriftenreihe:Bibliotheque de la Pleiade, 518
Schlagworte:
Tags: Tag hinzufügen
Keine Tags, Fügen Sie den ersten Tag hinzu!

MARC

LEADER 00000cam a2200000 a 4500
001 UCC6249
003 CL-VaPUC
008 181130e20050000fr |||||||||||||||||fre|d
020 |a 2070116395v.1 
020 |a 2070116409v.2 
082 0 4 |a 843  |b RAM  |2 21 
100 0 |a Ramuz, Charles Ferdinand  |e author  |9 600677 
245 1 0 |a Romans 
250 |a 1a. ed 
300 |a v 
942 |c BK 
945 |d 20181130 13:53:00  |a dcastane 
260 |a s.l  |b Gallimard  |c 2005 
650 0 |a Literatura francesa  |9 266330 
650 0 |a Novela francesa  |9 264985 
583 |a last modification  |c 20181130 13:53:00  |k Rodrigo Vera 
490 0 |a Bibliotheque de la Pleiade, 518 
999 |c 373235  |d 373233 
952 |0 0  |1 0  |3 erd  |4 0  |6 843_000000000000000_RAM_2005  |7 0  |8 P  |9 491276  |a BIBARQ  |b BIBARQ  |h v.1  |i 5517834  |o 843 RAM 2005  |p 5517834  |r 2025-01-20  |w 2019-11-24  |y BK  |z Catalogado en:20181130  |k ARQ 
952 |0 0  |1 0  |3 erd  |4 0  |6 843_000000000000000_RAM_2005  |7 0  |8 P  |9 491277  |a BIBARQ  |b BIBARQ  |h v.1  |i 5517842  |o 843 RAM 2005  |p 5517842  |r 2025-01-20  |w 2019-11-24  |y BK  |z Catalogado en:20181130  |k ARQ 
952 |0 0  |1 0  |3 erd  |4 0  |6 843_000000000000000_RAM_2005  |7 0  |8 P  |9 491278  |a BIBARQ  |b BIBARQ  |h v.2  |i 5517850  |o 843 RAM 2005  |p 5517850  |r 2025-01-20  |w 2019-11-24  |y BK  |z Catalogado en:20181130  |k ARQ 
952 |0 0  |1 0  |3 erd  |4 0  |6 843_000000000000000_RAM_2005  |7 0  |8 P  |9 491279  |a BIBARQ  |b BIBARQ  |h v.2  |i 5517869  |o 843 RAM 2005  |p 5517869  |r 2025-01-20  |w 2019-11-24  |y BK  |z Catalogado en:20181130  |k ARQ